Proceedings of the second DST-SERC School on mathematical modelling of atmospheric pollution (Record no. 229595)
[ view plain ]
| 000 -LEADER | |
|---|---|
| fixed length control field | 00579nam a22001817a 4500 |
| 005 - DATE AND TIME OF LATEST TRANSACTION | |
| control field | 20240108115612.0 |
| 008 - FIXED-LENGTH DATA ELEMENTS--GENERAL INFORMATION | |
| fixed length control field | 240108b ||||| |||| 00| 0 eng d |
| 040 ## - CATALOGING SOURCE | |
| Transcribing agency | AL |
| 041 ## - LANGUAGE CODE | |
| Language code of text/sound track or separate title | eng |
| 082 ## - DEWEY DECIMAL CLASSIFICATION NUMBER | |
| Edition number | 23 |
| Classification number | 511.8 |
| Item number | RUDP |
| 100 ## - MAIN ENTRY--PERSONAL NAME | |
| Personal name | Rudraiah N |
| 9 (RLIN) | 147648 |
| 245 ## - TITLE STATEMENT | |
| Title | Proceedings of the second DST-SERC School on mathematical modelling of atmospheric pollution |
| 260 ## - PUBLICATION, DISTRIBUTION, ETC. | |
| Place of publication, distribution, etc. | Bangalore |
| Name of publisher, distributor, etc. | Sapna Book House |
| Date of publication, distribution, etc. | 2002 |
| 300 ## - PHYSICAL DESCRIPTION | |
| Extent | 521p. |
| Other physical details | PB |
| Dimensions | 23.9x18.4cm. |
| 650 ## - SUBJECT ADDED ENTRY--TOPICAL TERM | |
| Source of heading or term | General Principles |
| Topical term or geographic name entry element | Modeling and Simulation |
| 9 (RLIN) | 147649 |
| 700 ## - ADDED ENTRY--PERSONAL NAME | |
| Personal name | Ranganna, G; et.al |
| 9 (RLIN) | 147650 |
| 942 ## - ADDED ENTRY ELEMENTS (KOHA) | |
| Source of classification or shelving scheme | Dewey Decimal Classification |
| Koha item type | Book |
| Withdrawn status | Lost status | Source of classification or shelving scheme | Damaged status | Not for loan | Collection code | Home library | Current library | Date acquired | Total Checkouts | Full call number | Barcode | Date last seen | Price effective from | Koha item type |
|---|---|---|---|---|---|---|---|---|---|---|---|---|---|---|
| Dewey Decimal Classification | Mathematics | St Aloysius PG Library | St Aloysius PG Library | 12/08/2023 | 511.8 RUDP | PG024544 | 01/08/2024 | 01/08/2024 | Donated Books |